<?xml version="1.0" encoding="UTF-8"?><?xml-stylesheet type="text/xsl" href="static/style.xsl"?><OAI-PMH xmlns="http://www.openarchives.org/OAI/2.0/" xmlns:xsi="http://www.w3.org/2001/XMLSchema-instance" xsi:schemaLocation="http://www.openarchives.org/OAI/2.0/ http://www.openarchives.org/OAI/2.0/OAI-PMH.xsd"><responseDate>2026-06-07T23:48:35Z</responseDate><request verb="GetRecord" identifier="oai:docta.ucm.es:20.500.14352/93244" metadataPrefix="marc">https://docta.ucm.es/rest/oai/request</request><GetRecord><record><header><identifier>oai:docta.ucm.es:20.500.14352/93244</identifier><datestamp>2025-09-04T15:14:33Z</datestamp><setSpec>com_20.500.14352_14</setSpec><setSpec>col_20.500.14352_15</setSpec></header><metadata><record xmlns="http://www.loc.gov/MARC21/slim" xmlns:dcterms="http://purl.org/dc/terms/" xmlns:xsi="http://www.w3.org/2001/XMLSchema-instance" xmlns:doc="http://www.lyncode.com/xoai" xsi:schemaLocation="http://www.loc.gov/MARC21/slim http://www.loc.gov/standards/marcxml/schema/MARC21slim.xsd">
   <leader>00925njm 22002777a 4500</leader>
   <datafield ind2=" " ind1=" " tag="042">
      <subfield code="a">dc</subfield>
   </datafield>
   <datafield ind2=" " ind1=" " tag="720">
      <subfield code="a">Rodríguez Martín, Nuria</subfield>
      <subfield code="e">author</subfield>
   </datafield>
   <datafield ind2=" " ind1=" " tag="260">
      <subfield code="c">2017</subfield>
   </datafield>
   <datafield ind2=" " ind1=" " tag="520">
      <subfield code="a">En este artículo se analizan los debates en torno a la regulación del tráfico peatonal, así como las distintas medidas adoptadas para organizarlo, en el Madrid del primer tercio del siglo XX. El trabajo pretende ser una contribución al campo de la historia de la movilidad en las ciudades, tomando como estudio de caso a la capital de España. A partir del análisis de una multiplicidad de fuentes documentales, se abordan en el texto los discursos y representaciones en torno a la figura del peatón. Asimismo, se examinan las normas e infraestructuras peatonales implementadas por las autoridades municipales a lo largo del periodo considerado. Todo ello en relación a la expansión de los vehículos automóviles, que modificaron drásticamente la forma de vivir y de desplazarse en la ciudad.</subfield>
   </datafield>
   <datafield ind1="8" ind2=" " tag="024">
      <subfield code="a">Rodríguez Martín, N. (2017). En una población moderna hay que saber andar. Debates en torno a la regulación del tráfico peatonal en Madrid, 1900-1936. Registros. Revista De Investigación Histórica, 13(1), 166–179. Recuperado a partir de https://revistasfaud.mdp.edu.ar/registros/article/view/109</subfield>
   </datafield>
   <datafield ind1="8" ind2=" " tag="024">
      <subfield code="a">2250-8112</subfield>
   </datafield>
   <datafield ind1="8" ind2=" " tag="024">
      <subfield code="a">https://hdl.handle.net/20.500.14352/93244</subfield>
   </datafield>
   <datafield ind1="8" ind2=" " tag="024">
      <subfield code="a">https://revistasfaud.mdp.edu.ar/registros/article/view/109</subfield>
   </datafield>
   <datafield ind2="0" ind1="0" tag="245">
      <subfield code="a">En una población moderna hay que saber andar. Debates en torno a la regulación del tráfico peatonal en Madrid, 1900-1936</subfield>
   </datafield>
</record></metadata></record></GetRecord></OAI-PMH>